A commission report: making the safe streets act work:an intergovernmental challenge (Record no. 493940)

000 -LEADER
fixed length control field 00454cam a22001097a 4500
008 - FIXED-LENGTH DATA ELEMENTS--GENERAL INFORMATION
fixed length control field 180718b1970 xxu||||| |||| 00| 0 eng d
082 ## - DEWEY DECIMAL CLASSIFICATION NUMBER
Classification number N6703x73 Un3
245 ## - TITLE STATEMENT
Title A commission report: making the safe streets act work:an intergovernmental challenge
Statement of responsibility, etc. by Advisory Commission on Intergovernmental Relations
260 ## - PUBLICATION, DISTRIBUTION, ETC.
Place of publication, distribution, etc. Washington, D.C.
Name of publisher, distributor, etc. U.S. Government Printing Office
Date of publication, distribution, etc. 1970
300 ## - PHYSICAL DESCRIPTION
Extent 78p.
700 ## - ADDED ENTRY--PERSONAL NAME
Personal name Advisory Commission on Intergovernmental Relations
Holdings
Withdrawn status Lost status Damaged status Not for loan Permanent Location Current Location Date acquired Full call number Barcode Date last seen Price effective from Koha item type
        Indian Institute of Public Administration Indian Institute of Public Administration 2018-08-04 N6703x73 Un3 G11450 2018-08-04 2018-08-04 G

Powered by Koha